000 00564nam a22001817a 4500
005 20251108171927.0
008 250721s1985 xx 000 0 ara d
082 1 4 _aط/214.2/محا
100 1 _aالمحامي، محمد كامل حسن
245 1 0 _aنبي في بطن الحوت /
264 1 _aبيروت :
_bمنشورات المكتب العالمي،
_c1985.
300 _a88ص
490 0 _aقصص في القرآن الكريم
650 1 7 _aالنبوات
653 _aناشئون صغار (10-14) سنة
942 _2ddc
_cBK
999 _c66107
_d66107